Essentials of College Mathematics: For Economics, Life sciences and Social Science. (Record no. 920)
[ view plain ]
| 005 - DATE AND TIME OF LATEST TRANSACTION | |
|---|---|
| control field | 20250627114739.0 |
| 020 ## - INTERNATIONAL STANDARD BOOK NUMBER | |
| International Standard Book Number | 0-02-306331-9 |
| 082 ## - DEWEY DECIMAL CLASSIFICATION NUMBER | |
| Classification number | 510 BAR |
| 100 ## - MAIN ENTRY--PERSONAL NAME | |
| Author name | BARNETT, R. A. |
| 245 ## - TITLE STATEMENT | |
| Title | Essentials of College Mathematics: For Economics, Life sciences and Social Science. |
| 260 ## - PUBLICATION, DISTRIBUTION, ETC. | |
| Place of publication, distribution, etc. | California, |
| Name of publisher, distributor, etc. | Dellen publishing Company, |
| Date of publication, distribution, etc. | 1989. |
| 300 ## - PHYSICAL DESCRIPTION | |
| Extent | xiii,786p.: Ill.; figures, tables |
| Other physical details | Index |
| Dimensions | 23cm. |
| Accompanying material | 23cm. |
| 700 ## - ADDED ENTRY--PERSONAL NAME | |
| Other authors/Editors | MICHAEL, R. Z. |
| 942 ## - ADDED ENTRY ELEMENTS (KOHA) | |
| Source of classification or shelving scheme | Dewey Decimal Classification |
| Koha item type | Books |
| Date last seen | Total checkouts | Full call number | Barcode | Cost, replacement price | Price effective from | Koha item type | Lost status | Source of classification or shelving scheme | Damaged status | Not for loan | Withdrawn status | Home library | Current library | Shelving location | Date acquired | Cost, normal purchase price |
|---|---|---|---|---|---|---|---|---|---|---|---|---|---|---|---|---|
| 03/19/2025 | 510 BAR | 0000003700 | 30000.00 | 03/19/2025 | Books | Dewey Decimal Classification | College of Business Education Main Library | College of Business Education Main Library | General Collection | 03/19/2025 | 10000.00 |
